| 000 | 00394cam a2200169ua 4500 | ||
|---|---|---|---|
| 020 | _c2.00 | ||
| 041 |
_amal _h |
||
| 082 |
_a894.8121 _bONV/MA |
||
| 100 | _aKurup, O N V. | ||
| 245 |
_aMayilppeeli, Poetry / _cO.N.V.Kurup. _hTextual Documents |
||
| 260 |
_aQuilon : _bM.S Book Depot , _c1964. |
||
| 300 | _a81 ; . | ||
| 365 | _a2.00 | ||
| 504 | _a | ||
| 942 | _cBK | ||
| 999 |
_c809 _d809 |
||